Особенности моделирования политического будущего в программе правящей партии; Молодой ученый; № 8 (88)
| Parent link: | Молодой ученый: ежемесячный научный журнал.— , 2008- № 8 (88).— 2015.— [С. 803-806] |
|---|---|
| Yazar: | |
| Müşterek Yazar: | |
| Diğer Yazarlar: | |
| Özet: | Заглавие с экрана Режим доступа: по договору с организацией-держателем ресурса |
| Dil: | Rusça |
| Baskı/Yayın Bilgisi: |
2015
|
| Seri Bilgileri: | Политолология |
| Konular: | |
| Online Erişim: | http://www.moluch.ru/archive/88/17670/ http://elibrary.ru/item.asp?id=23295723 |
| Materyal Türü: | Elektronik Kitap Bölümü |
| KOHA link: | https://koha.lib.tpu.ru/cgi-bin/koha/opac-detail.pl?biblionumber=642415 |
MARC
| LEADER | 00000nla0a2200000 4500 | ||
|---|---|---|---|
| 001 | 642415 | ||
| 005 | 20250203162031.0 | ||
| 035 | |a (RuTPU)RU\TPU\network\7372 | ||
| 035 | |a RU\TPU\network\7369 | ||
| 090 | |a 642415 | ||
| 100 | |a 20150624d2015 k||y0rusy50 ca | ||
| 101 | 0 | |a rus | |
| 102 | |a RU | ||
| 135 | |a drcn ---uucaa | ||
| 181 | 0 | |a i | |
| 182 | 0 | |a b | |
| 200 | 1 | |a Особенности моделирования политического будущего в программе правящей партии |f Н. Е. Крупицкий, А. Э. Сенцов | |
| 203 | |a Текст |c электронный | ||
| 225 | 1 | |a Политолология | |
| 300 | |a Заглавие с экрана | ||
| 320 | |a [Библиогр.: с. 806 (6 назв.)] | ||
| 333 | |a Режим доступа: по договору с организацией-держателем ресурса | ||
| 461 | |t Молодой ученый |o ежемесячный научный журнал |d 2008- | ||
| 463 | |t № 8 (88) |v [С. 803-806] |d 2015 | ||
| 610 | 1 | |a электронный ресурс | |
| 610 | 1 | |a труды учёных ТПУ | |
| 610 | 1 | |a концепт | |
| 610 | 1 | |a будущее | |
| 610 | 1 | |a политический дискурс | |
| 610 | 1 | |a правящие партии | |
| 610 | 1 | |a демократическая партия | |
| 610 | 1 | |a США | |
| 700 | 1 | |a Крупицкий |b Н. Е. |g Николай Евгеньевич | |
| 701 | 1 | |a Сенцов |b А. Э. |c лингвист |c доцент Томского политехнического университета, кандидат политических наук |f 1983- |g Аркадий Эдуардович |3 (RuTPU)RU\TPU\pers\27933 | |
| 712 | 0 | 2 | |a Национальный исследовательский Томский политехнический университет (ТПУ) |b Институт неразрушающего контроля (ИНК) |b Кафедра иностранных языков Института неразрушающего контроля (ИЯНК) |3 (RuTPU)RU\TPU\col\18721 |
| 801 | 2 | |a RU |b 63413507 |c 20150624 |g RCR | |
| 856 | 4 | 0 | |u http://www.moluch.ru/archive/88/17670/ |
| 856 | 4 | 0 | |u http://elibrary.ru/item.asp?id=23295723 |
| 942 | |c CF | ||